000 00255nam a2200097Ia 4500
001 1066783
005 20250827001759.0
008 250824s9999 xx 000 0 und d
245 0 _aANA BABA VE ÇOCUK
_cHALUK YAVUZER
260 _bREMZİ KİTABEVİ YAYINLARI
999 _c1066783
_d1066783